Information technology : principles, practices, opportunities (Record no. 13344)

MARC details
000 -LEADER
fixed length control field 01013nam a2200337Ia 4500
003 - CONTROL NUMBER IDENTIFIER
control field OSt
005 - DATE AND TIME OF LATEST TRANSACTION
control field 20220912144613.0
008 - FIXED-LENGTH DATA ELEMENTS--GENERAL INFORMATION
fixed length control field 220909b |||||||| |||| 00| 0 eng d
020 ## - INTERNATIONAL STANDARD BOOK NUMBER
International Standard Book Number 0131436260 (hbk)
020 ## - INTERNATIONAL STANDARD BOOK NUMBER
International Standard Book Number SL00859583
037 ## - SOURCE OF ACQUISITION
Terms of availability Textual
040 ## - CATALOGING SOURCE
Original cataloging agency CSL
Language of cataloging eng
Transcribing agency CSL
041 ## - LANGUAGE CODE
Language code of text/sound track or separate title eng
100 ## - MAIN ENTRY--PERSONAL NAME
Personal name Senn James A
245 #0 - TITLE STATEMENT
Title Information technology : principles, practices, opportunities
260 ## - PUBLICATION, DISTRIBUTION, ETC.
Place of publication, distribution, etc. New Jersey
Name of publisher, distributor, etc. Person
Date of publication, distribution, etc. 2004
300 ## - PHYSICAL DESCRIPTION
Extent xxv,648p. ill.
500 ## - GENERAL NOTE
General note Concise dictionary of IT terminology 617-632p.; Credits c.1-3p.; Subject index I.1-13p.
650 ## - SUBJECT ADDED ENTRY--TOPICAL TERM
Topical term or geographic name entry element Data processing
650 ## - SUBJECT ADDED ENTRY--TOPICAL TERM
Topical term or geographic name entry element database technology
650 ## - SUBJECT ADDED ENTRY--TOPICAL TERM
Topical term or geographic name entry element Information storage and retrieval system
650 ## - SUBJECT ADDED ENTRY--TOPICAL TERM
Topical term or geographic name entry element Network technology
650 ## - SUBJECT ADDED ENTRY--TOPICAL TERM
Topical term or geographic name entry element Information technology
700 ## - ADDED ENTRY--PERSONAL NAME
Personal name Senn James A
942 ## - ADDED ENTRY ELEMENTS (KOHA)
Classification part D65,8(B),2A, P4
Koha item type Textual
Source of classification or shelving scheme Colon Classification (CC)

No items available.

Copyright @ Delhi University Library System